Biggest Cities in Guatemala - Statistics

General Stats
  • This quiz has been taken 13 times
  • The average score is 3 of 20
Answer Stats
Population City % Correct
923,392 Guatemala City
100%
152,223 Quetzaltenango
46%
136,639 Huehuetenango
31%
192,676 Jalapa
15%
118,960 Totonicapán
15%
59,091 Antigua Guatemala
8%
170,280 Escuintla
8%
56,253 Esquipulas
8%
80,249 Livingston
8%
110,846 Puerto Barrios
8%
109,935 Retalhuleu
8%
46,383 Ayutla
0%
61,486 La Democracia
0%
30,682 Melchor de Mencos
0%
41,956 Nuevo San Carlos
0%
71,478 Salamá
0%
80,613 San Cristóbal Verapaz
0%
61,517 San Juan Ostuncalco
0%
99,479 Santa Cruz del Quiché
0%
44,706 Santa Elena de la Cruz
0%
No matching quizzes found
Score Distribution
Percent of People with Each Score
Percentile by Number Answered
Your Score History
You have not taken this quiz